Electrical and mechanical networks : an introduction to their analysis /

Guardado en:
Autor Principal: Harman, Willis W.
Otros Autores: Lytle, Dean W.
Formato: Libro
Idioma:English
Publicado: New York : McGraw-Hill, 1962.
Etiquetas: Agregar Etiqueta
Sin Etiquetas, Sea el primero en etiquetar este registro!
LEADER 00534nam a22001575a 4500
001 EUN.um034320
003 AR-BaUNS
005 20050623122908.0
008 041125s1962####xxua##########000#0#eng#d
245 1 0 |a Electrical and mechanical networks :  |b an introduction to their analysis /  |c Willis W. Harman, Dean W. Lytle. 
260 |a New York :  |b McGraw-Hill,  |c 1962. 
300 |a 588 p. :  |b ilus. ;  |c 23 cm. 
100 1 |a Harman, Willis W. 
700 1 |a Lytle, Dean W. 
082 0 4 |a 621.3045 
859 |a Ar-BaUNS  |b BIB. CENTRAL - Sector C  |h 621.3045  |i H228  |p 2652/964